| 000 | 00000nas##2200000za#4500 |
| 001 | 9.514213 |
| 003 | CaOODSP |
| 005 | 20240527135424 |
| 007 | ta |
| 008 | 150406c1993||||xxc|| p #||||f| |0eng|d |
| 022 | |a1185-5967 |
| 040 | |aCaOODSP|beng |
| 043 | |an-cn--- |
| 086 | 1 |aCW71-2E |
| 110 | 2 |aCanadian Wildlife Service. |
| 245 | 10|aBird trends : |ba report on results of national ornithological surveys in Canada / |cEdition & production: Judith Kennedy. |
| 260 | |aOttawa - Ontario : |bEnvironment Canada. |
| 310 | |aAnnual |
| 362 | 1 |a[No. 1, Summer, 1991]--[No. 9, Winter, 2003] |
| 500 | |a"Bird trends aims to provide: feedback to volunteers of ornithological surveys; information on trends in Canadian bird populations; a menu of volunteer-based ornithological projects in Canada."--Backcover. |
| 520 | 3 |aBird trends aims to provide: feedback to volunteers of ornithological surveys; information on trends in Canadian bird populations; a menu of volunteer-based ornithological projects in Canada.--Backcover |
| 563 | |aSoftcover |
| 720 | 1 |aKennedy, Judith |
| 775 | 08|tTendances chez les oiseaux : |w(CaOODSP)9.512641 |
| 776 | 0#|tBird trends : |w(CaOODSP)9.505048 |